| 000 | 00974cam a22002531 4500 | ||
|---|---|---|---|
| 001 | gs 30000312 | ||
| 003 | DLC | ||
| 005 | 20260227111335.0 | ||
| 008 | 810112s1930 sw ab b 000 0 swe c | ||
| 010 | _ags 30000312 | ||
| 035 | _a(OCoLC)7056721 | ||
| 040 |
_aLibrary, U.S. Geological Survey _cNIC _dDLC |
||
| 041 | 0 |
_aswe _beng |
|
| 042 | _apremarc | ||
| 050 | 0 | 0 |
_aQE282 _b.A3 ser. Ca no. 22 |
| 100 | 1 |
_aGeijer, Per, _d1886-1976. |
|
| 245 | 0 | 0 |
_aGallivare malmfält; _bgeologisk beskrivning, _cav Per Geijer ... With a summary: Geology of the Gallivare iron ore field. |
| 260 |
_aStockholm, _bKungl. boktryckeriet, P. A. Norstedt & söner, _c1930. |
||
| 300 |
_a115 p. _bincl. illus., tables, diagrs. 4 fold. col. pl. (incl. maps) _c31 cm. |
||
| 490 | 0 |
_a[Sweden) Sveriges geologiska undersökning. Ser. Ca. Avhandlingar och uppsatser i 4:o, _vno. 22 |
|
| 500 | _aPlates in pocket. | ||
| 504 | _a"Litteraturförteckning": p. 114-115, | ||
| 650 | 0 |
_aIron ores _zSweden. |
|
| 999 |
_c26833 _d26833 |
||